Надежность, диагностика элементов энергетического оборудования: электронный курс
| Auteur principal: | |
|---|---|
| Collectivité auteur: | |
| Résumé: | Заглавие с экрана В курсе рассматриваются: Отказы и повреждения в работе энергетического оборудования; Факторы, определяющие надежность энергооборудования на стадиях проектирования, изготовления и эксплуатации; Материалы для элементов энергетического оборудования; Прочностные расчеты и вопросы технического диагностирования элементов, работающих под внутренним давлением.Особое внимание уделяется методикам расчета на прочность элементов котлов, работающих под внутренним давлением.Полученные знания помогут подготовиться к производственно-технологической и проектно-конструкторской деятельности в области современных технологий производства тепловой энергии и создания конкурентоспособных энергетических установок.Результатами обучения являются готовность и способность к проведению прочностных расчетов изготовления основных элементов котлов - барабанов и поверхностей нагрева, в том числе: выбор материалов для изготовления элементов; определение номинальной толщины стенки элементов; определение условий гидроиспытаний. Доступ по логину и паролю |
| Langue: | russe |
| Publié: |
Томск, TPU Moodle, 2015
|
| Sujets: | |
| Accès en ligne: | https://design.lms.tpu.ru/course/view.php?id=945 |
| Format: | MixedMaterials Électronique Livre |
| KOHA link: | https://koha.lib.tpu.ru/cgi-bin/koha/opac-detail.pl?biblionumber=651808 |
MARC
| LEADER | 00000nlm0a2200000 4500 | ||
|---|---|---|---|
| 001 | 651808 | ||
| 005 | 20231102025823.0 | ||
| 035 | |a (RuTPU)RU\TPU\network\17070 | ||
| 035 | |a RU\TPU\network\17069 | ||
| 090 | |a 651808 | ||
| 100 | |a 20161123d2015 m y0rusy50 ca | ||
| 101 | 0 | |a rus | |
| 102 | |a RU | ||
| 105 | |a a j 000zy | ||
| 135 | |a jrcn ---uucaa | ||
| 181 | 0 | |a i | |
| 182 | 0 | |a b | |
| 200 | 1 | |a Надежность, диагностика элементов энергетического оборудования |e электронный курс |f А. В. Казаков |g Национальный исследовательский Томский политехнический университет (ТПУ), Энергетический институт (ЭНИН), Кафедра парогенераторостроения и парогенераторных установок (ПГС и ПГУ) | |
| 203 | |a Текст |c электронный | ||
| 210 | |a Томск |c TPU Moodle |d 2015 | ||
| 230 | |a Электрон. дан. | ||
| 300 | |a Заглавие с экрана | ||
| 330 | |a В курсе рассматриваются: Отказы и повреждения в работе энергетического оборудования; Факторы, определяющие надежность энергооборудования на стадиях проектирования, изготовления и эксплуатации; Материалы для элементов энергетического оборудования; Прочностные расчеты и вопросы технического диагностирования элементов, работающих под внутренним давлением.Особое внимание уделяется методикам расчета на прочность элементов котлов, работающих под внутренним давлением.Полученные знания помогут подготовиться к производственно-технологической и проектно-конструкторской деятельности в области современных технологий производства тепловой энергии и создания конкурентоспособных энергетических установок.Результатами обучения являются готовность и способность к проведению прочностных расчетов изготовления основных элементов котлов - барабанов и поверхностей нагрева, в том числе: выбор материалов для изготовления элементов; определение номинальной толщины стенки элементов; определение условий гидроиспытаний. | ||
| 333 | |a Доступ по логину и паролю | ||
| 606 | 1 | |a Энергетическое оборудование |x Надежность |2 stltpush |3 (RuTPU)RU\TPU\subj\21315 |9 46332 | |
| 610 | 1 | |a электронный ресурс | |
| 610 | 1 | |a труды учёных ТПУ | |
| 610 | 1 | |a электронное обучение | |
| 610 | 1 | |a электронные курсы ТПУ | |
| 610 | 1 | |a надежность | |
| 610 | 1 | |a прочность | |
| 610 | 1 | |a производство | |
| 610 | 1 | |a процессы | |
| 610 | 1 | |a расчеты | |
| 610 | 1 | |a изготовление | |
| 610 | 1 | |a элементы | |
| 610 | 1 | |a котлы | |
| 610 | 1 | |a оборудование | |
| 610 | 1 | |a обечайки | |
| 610 | 1 | |a поверхности | |
| 610 | 1 | |a электронные учебные пособия | |
| 610 | 1 | |a учебные пособия | |
| 675 | |a 620.92.002.5(075.8) |v 3 | ||
| 700 | 1 | |a Казаков |b А. В. |c специалист в области теплоэнергетики |c доцент Томского политехнического университета, кандидат технических наук |f 1976- |g Александр Владимирович |2 stltpush |3 (RuTPU)RU\TPU\pers\25669 | |
| 712 | 0 | 2 | |a Национальный исследовательский Томский политехнический университет (ТПУ) |b Энергетический институт (ЭНИН) |b Кафедра парогенераторостроения и парогенераторных установок (ПГС и ПГУ) |h 120 |2 stltpush |3 (RuTPU)RU\TPU\col\18681 |
| 801 | 2 | |a RU |b 63413507 |c 20220125 |g RCR | |
| 856 | 4 | |u https://design.lms.tpu.ru/course/view.php?id=945 | |
| 900 | |a Энергетическое машиностроение | ||
| 942 | |c CF | ||
| 954 | |b 141100 | ||